LIBRARY & INFORMATION CENTRE, KCAET, TAVANUR

ONLINE PUBLIC ACCESS CATALOGUE (OPAC)

Ponnarival ambiliyil (Record no. 17637)

MARC details
000 -LEADER
fixed length control field 00373nam a22001577a 4500
003 - CONTROL NUMBER IDENTIFIER
control field OSt
008 - FIXED-LENGTH DATA ELEMENTS--GENERAL INFORMATION
fixed length control field 230223b |||||||| |||| 00| 0 eng d
041 ## - LANGUAGE CODE
Language code of text/sound track or separate title mal
082 ## - DEWEY DECIMAL CLASSIFICATION NUMBER
Classification number 894.812 4
Item number RAJ/PO
100 ## - MAIN ENTRY--AUTHOR NAME
Personal name Rajeev puliyoor
245 ## - TITLE STATEMENT
Title Ponnarival ambiliyil
260 ## - PUBLICATION, DISTRIBUTION, ETC. (IMPRINT)
Place of publication Thiruvananthapuram
Year of publication 2023
300 ## - PHYSICAL DESCRIPTION
Number of Pages 319
942 ## - ADDED ENTRY ELEMENTS (KOHA)
Koha item type Books
250 ## - EDITION STATEMENT
-- 1st
260 ## - PUBLICATION, DISTRIBUTION, ETC. (IMPRINT)
-- Chintha Publishers
Holdings
Withdrawn status Lost status Damaged status Home library Current library Date acquired Full call number Accession Number Koha item type
      KAUAET KAUAET 23/02/2023 894.812 4 RAJ/PO 26079 Books
free website counter